Geisha / (Record no. 2318)

MARC details
000 -LEADER
fixed length control field 00664cam a2200205 4500
001 - CONTROL NUMBER
control field 2890
005 - DATE AND TIME OF LATEST TRANSACTION
control field 20181127170006.0
008 - FIXED-LENGTH DATA ELEMENTS--GENERAL INFORMATION
fixed length control field 990224s1998 caua b s001 0 eng
010 ## - LIBRARY OF CONGRESS CONTROL NUMBER
LC control number 99177015
020 ## - INTERNATIONAL STANDARD BOOK NUMBER
International Standard Book Number 0099286386
100 1# - MAIN ENTRY--PERSONAL NAME
Personal name Dalby, Liza Crihfield.
245 10 - TITLE STATEMENT
Title Geisha /
Statement of responsibility, etc. Liza Crihfield Dalby.
260 ## - PUBLICATION, DISTRIBUTION, ETC.
Place of publication, distribution, etc. London :
Name of publisher, distributor, etc. Vintage,
Date of publication, distribution, etc. 2000.
300 ## - PHYSICAL DESCRIPTION
Extent xix, 347 p. :
Other physical details ill. ;
Dimensions 21 cm.
500 ## - GENERAL NOTE
General note Includes index.
504 ## - BIBLIOGRAPHY, ETC. NOTE
Bibliography, etc. note Bibliography: p. 337-339.
520 ## - SUMMARY, ETC.
Summary, etc. Discusses the geisha--practitioners of music and dance and unmarried companions to the Japanese male elite
650 #0 - SUBJECT ADDED ENTRY--TOPICAL TERM
Topical term or geographic name entry element Geishas.
651 ## - SUBJECT ADDED ENTRY--GEOGRAPHIC NAME
Geographic name Japan -- Social life and customs.
Form subdivision
General subdivision
Chronological subdivision
Geographic subdivision
Source of heading or term
Holdings
Withdrawn status Lost status Source of classification or shelving scheme Damaged status Not for loan Collection code Home library Current library Shelving location Serial Enumeration / chronology Inventory number Total Checkouts Full call number Barcode Date last seen Price effective from Koha item type
    Dewey Decimal Classification     Main TEST RTC Library RTC Library Main opac 5154   792.7 DAL 30003506 27/11/2018 27/11/2018 Main
Royal Thimphu College || All Right Reserved